Historia de la lucha por los derechos del agua de los pueblos Chusmiza y Usmagama
Gespeichert in:
| 1. Verfasser: | |
|---|---|
| Format: | Buch |
| Sprache: | Spanisch |
| Veröffentlicht: |
Iquique, Chile:
Oñate Impresores,
2000.
|
| Ausgabe: | Segunda edición |
| Schlagworte: | |
| Tags: |
Tag hinzufügen
Keine Tags, Fügen Sie den ersten Tag hinzu!
|
MARC
| LEADER | 00000cam a2200000 a 4500 | ||
|---|---|---|---|
| 001 | UCC8722 | ||
| 003 | CL-VaPUC | ||
| 005 | 20241018123940.0 | ||
| 008 | 190809t20000000cl |||||||||||||||||spa|d | ||
| 999 | |c 374974 |d 374972 | ||
| 040 | |c Pontificia Universidad Católica de Valparaíso | ||
| 082 | 0 | 4 | |a 343.83123 CAR 2000 |2 21 |
| 100 | 0 | |a Carvajal Pérez, Luis |e autor |9 603436 | |
| 245 | 1 | 0 | |a Historia de la lucha por los derechos del agua de los pueblos Chusmiza y Usmagama |
| 250 | |a Segunda edición | ||
| 260 | |a Iquique, Chile: |b Oñate Impresores, |c 2000. | ||
| 300 | |a 125 páginas. | ||
| 500 | |a c. Fondo Budge. Donación profesor Sr. Eduardo Cavieres. 05-08-2019 | ||
| 583 | |a last modification |c 20190809 11:18:00 |k Rodrigo Vera | ||
| 650 | 0 | |a Derecho de aguas |9 257148 | |
| 650 | 0 | |a Protección del medio ambiente |9 257626 | |
| 650 | 0 | |a Historia de ciudades |9 445863 | |
| 942 | |c BK |2 ddc | ||
| 945 | |d 20190809 11:18:00 |a dcastane | ||
| 952 | |0 0 |1 0 |3 erb |4 0 |6 343_831230000000000_CAR_2000 |7 0 |8 X |9 493760 |a FDOBUD |b FDOBUD |i 5594731 |o 343.83123 CAR 2000 |p 5594731 |r 2019-11-24 |w 2019-11-24 |y BK_X |z Catalogado en:20190809 |k BUD | ||